Anne Frank : (Record no. 5331)

MARC details
000 -LEADER
fixed length control field 01041nam a22003137a 4500
001 - CONTROL NUMBER
control field 5331
003 - CONTROL NUMBER IDENTIFIER
control field FISKH
005 - DATE AND TIME OF LATEST TRANSACTION
control field 20241126152646.0
008 - FIXED-LENGTH DATA ELEMENTS--GENERAL INFORMATION
fixed length control field 241126b cb ||||| |||| 00| 0 eng d
020 ## - INTERNATIONAL STANDARD BOOK NUMBER
International Standard Book Number 9780545437479
040 ## - CATALOGING SOURCE
Original cataloging agency FISKH
Language of cataloging eng
Transcribing agency FISKH
Modifying agency FISKH
050 ## - LIBRARY OF CONGRESS CALL NUMBER
Classification number DS135.N6
082 ## - DEWEY DECIMAL CLASSIFICATION NUMBER
Classification number 940.53
100 ## - MAIN ENTRY--PERSONAL NAME
Personal name Colbert, David
245 ## - TITLE STATEMENT
Title Anne Frank :
Remainder of title 10 days /
Statement of responsibility, etc. by David Colbert Athor of eyewitness to America
250 ## - EDITION STATEMENT
Edition statement First Scholastic printing , January 2012
260 ## - PUBLICATION, DISTRIBUTION, ETC.
Place of publication, distribution, etc. New York :
Name of publisher, distributor, etc. Scholastic ;
Date of publication, distribution, etc. 2008 .
300 ## - PHYSICAL DESCRIPTION
Extent 152 pages :
Other physical details illustrations ;
Dimensions 21 cm .
490 ## - SERIES STATEMENT
Series statement 10 days
505 ## - FORMATTED CONTENTS NOTE
Formatted contents note Z <br/>
520 ## - SUMMARY, ETC.
Summary, etc. Focuses on ten crucial days in the life of Anne Frank and her family, primarily in Amsterdam during their time in hiding, during the Holocaust and World War II.
521 8# - TARGET AUDIENCE NOTE
Target audience note 980 <br/>
Source Lexile <br/>
521 8# - TARGET AUDIENCE NOTE
Target audience note Z <br/>
Source Raz-Plus <br/>
650 ## - SUBJECT ADDED ENTRY--TOPICAL TERM
Topical term or geographic name entry element Holocaust
Form subdivision Non-fiction
650 ## - SUBJECT ADDED ENTRY--TOPICAL TERM
Topical term or geographic name entry element biography
Form subdivision Non-fiction
700 ## - ADDED ENTRY--PERSONAL NAME
Personal name Paprocki, Karin
Relator term cover designer
942 ## - ADDED ENTRY ELEMENTS (KOHA)
Source of classification or shelving scheme Dewey Decimal Classification
Koha item type Books
Suppress in OPAC No
Holdings
Withdrawn status Lost status Source of classification or shelving scheme Damaged status Not for loan Collection Home library Current library Shelving location Date acquired Total Checkouts Full call number Barcode Date last seen Price effective from Koha item type
    Dewey Decimal Classification     Non-Fiction Footprints International School Library Network Toul Kork Campus Footprints International School Library Network Toul Kork Campus TTP Secondary Non-Fiction Bookshelves 11/26/2024   COL 940.53 DS135.N6 FISSE02072 11/26/2024 11/26/2024 Books